| 000 | 00462nam a2200181Ia 4500 | ||
|---|---|---|---|
| 008 | 090124s9999 xx 000 0 und d | ||
| 082 | _b1205 | ||
| 100 | _aVIVEKANANDA SWAMI | ||
| 245 | _aROUSING CALL TO HINDU NATION | ||
| 250 | _a0 | ||
| 260 | _bSWASTIK PRAKASHAN | ||
| 300 | _a168 | ||
| 600 | _aVIVEKANANDA SWAMI | ||
| 630 | _aROUSING CALL TO HINDU NATION | ||
| 700 | _aVIVEKANANDA SWAMI | ||
| 730 | _aROUSING CALL TO HINDU NATION | ||
| 942 | _cBOOK | ||
| 999 |
_c81922 _d81922 |
||